The pharaoh's shadow : travels in ancient and modern Egypt /

محفوظ في:

المؤلف الرئيسي: Sattin, Anthony (مؤلف)

التنسيق: كتاب

اللغة: English

منشور في: London : Indigo, 2001, c2000.

الموضوعات:

الوسوم: إضافة وسم

لا توجد وسوم, كن أول من يضع وسما على هذه التسجيلة!

رقم الطلب: DT56.2 .S28 2001

LEADER 00900namaa2200265 4500
003 OSt
005 20260329130756.0
008 130303r20012000enkabcf b 001 0 eng d
020 |a 0575402784 
040 |c ARCE Library 
043 |a f-ua--- 
050 4 |a DT56.2 .S28 2001 
100 1 |a Sattin, Anthony,  |e author 
245 1 4 |a The pharaoh's shadow :  |b travels in ancient and modern Egypt /   |c Anthony Sattin.   |h   
264 1 |a London :  |b Indigo,  |c 2001, c2000. 
300 |a [xx], 234 pages, [8]pages of plates :  |b illustrations, 1 map, portraits ;   |c 20 cm. 
500 |a Originally published : London, Gollancz 2000. 
504 |a Includes bibliographical references and index. 
600 1 0 |a Sattin, Anthony  |x Travel  |z Egypt. 
651 0 |a Egypt  |x Social life and customs. 
651 0 |a Egypt  |x Description and travel. 
651 0 |a Egypt  |x History. 
901 |a reviewed 
942 |c BK  |2 lcc 
999 |c 2627  |d 2627